Advanced grammar in use. CD-ROM : hundreds of additional exercises to accompany the second edition of the book /

Hlavní autor: Hewings, Martin
Jazyk: Angličtina
Vydáno: Cambridge : Cambridge University Press, 2005
Témata:
Fyzický popis: 1 kompaktní disk + kniha G
Zvukové nahrávky
Uloženo v:
LEADER 00800nim a2200217za 4500
001 000998137
003 CZ BrMZK
005 20180903154346.0
007 sd fsngnnmmned
008 050819s2005 xxk|||||||||||||| eng d
020 |a 0521614031 
040 |a BOA001  |b cze 
100 1 |a Hewings, Martin  |7 xx0002363 
245 1 0 |a Advanced grammar in use. CD-ROM :  |h [elektronický zdroj] :  |b hundreds of additional exercises to accompany the second edition of the book /  |c Martin Hewings 
260 |a Cambridge :  |b Cambridge University Press,  |c 2005 
300 |a 1 kompaktní disk +  |e kniha G 
653 |a gramatika pro pokročilé 
910 |a BOA001  |x CD-R 45 
990 |a AM 
991 |z 000046711  |x 99 
996 7 |b 261E004520  |c CD-R 45  |l Anglická knihovna/2.patro  |r ZHR  |n 55  |h CD-R 45  |w 000998137  |u 000010  |a 0  |e BOA001  |j MZK50  |s A